000 00596nam a2200205Ia 4500
005 20250508160809.0
008 008 250505s9999 xx 000 0 eng d
020 _a0-471-60609-X
037 _aTextual
040 _aFEDL
_beng
_cFEDL
041 _aeng
_2eng
084 _a371.26, MIL
_qFEDL
100 _aMiller David Monroe
_9149143
245 0 _aInterpreting test scores
260 _aNew York, USA
_bJohn Wiley and Sons
_c1972
300 _axi,162p.
650 _aExamination - Texts and Measurement
_9756177
942 _cTEXL
_h371.26, MIL
999 _c1366683
_d1366683